<?xml version="1.0" encoding="UTF-8"?>
<record
    xmlns:xsi="http://www.w3.org/2001/XMLSchema-instance"
    xsi:schemaLocation="http://www.loc.gov/MARC21/slim http://www.loc.gov/standards/marcxml/schema/MARC21slim.xsd"
    xmlns="http://www.loc.gov/MARC21/slim">

  <leader>00840    a2200241   4500</leader>
  <controlfield tag="003">OSt</controlfield>
  <controlfield tag="005">20231010121428.0</controlfield>
  <controlfield tag="007">ta</controlfield>
  <controlfield tag="008">220905s2020    paua|||| |||| 00| 0 eng d</controlfield>
  <datafield tag="020" ind1=" " ind2=" ">
    <subfield code="a">9781786762849</subfield>
  </datafield>
  <datafield tag="040" ind1=" " ind2=" ">
    <subfield code="c">CHAP</subfield>
  </datafield>
  <datafield tag="082" ind1="0" ind2="0">
    <subfield code="a">634.3</subfield>
    <subfield code="b">A17</subfield>
    <subfield code="2">22</subfield>
  </datafield>
  <datafield tag="245" ind1="0" ind2="0">
    <subfield code="a">Achieving sustainable cultivation of tropical fruits /</subfield>
    <subfield code="c">Editado por Elhadi M. Yahia</subfield>
  </datafield>
  <datafield tag="264" ind1=" " ind2="1">
    <subfield code="a">Philadelphia : </subfield>
    <subfield code="b">Burleigh Dodds Science Publishing,</subfield>
    <subfield code="c">2020.</subfield>
  </datafield>
  <datafield tag="300" ind1=" " ind2=" ">
    <subfield code="a">608 p&#xE1;ginas</subfield>
    <subfield code="b">ilustraciones y tablas</subfield>
  </datafield>
  <datafield tag="490" ind1="1" ind2=" ">
    <subfield code="a">Burleign Dodds Series in agricultural science</subfield>
    <subfield code="v">65</subfield>
  </datafield>
  <datafield tag="650" ind1=" " ind2="4">
    <subfield code="9">148540</subfield>
    <subfield code="a">Cultivo de frutas  </subfield>
  </datafield>
  <datafield tag="650" ind1=" " ind2="0">
    <subfield code="a">Cultivo de frutas</subfield>
    <subfield code="x">Producci&#xF3;n  </subfield>
    <subfield code="9">148537</subfield>
  </datafield>
  <datafield tag="650" ind1=" " ind2="4">
    <subfield code="9">2011</subfield>
    <subfield code="a">Agricultura sustentable</subfield>
  </datafield>
  <datafield tag="700" ind1="1" ind2=" ">
    <subfield code="9">122944</subfield>
    <subfield code="a">Yahia, Elhadi M.</subfield>
    <subfield code="e">Editor.</subfield>
  </datafield>
  <datafield tag="830" ind1=" " ind2="0">
    <subfield code="9">186467</subfield>
    <subfield code="a">Burleign Dodds Series in agricultural science</subfield>
  </datafield>
  <datafield tag="942" ind1=" " ind2=" ">
    <subfield code="2">ddc</subfield>
    <subfield code="c">LIBRO</subfield>
  </datafield>
  <datafield tag="999" ind1=" " ind2=" ">
    <subfield code="c">217645</subfield>
    <subfield code="d">217645</subfield>
  </datafield>
  <datafield tag="952" ind1=" " ind2=" ">
    <subfield code="0">0</subfield>
    <subfield code="1">0</subfield>
    <subfield code="2">ddc</subfield>
    <subfield code="4">0</subfield>
    <subfield code="5">2</subfield>
    <subfield code="7">0</subfield>
    <subfield code="8">GRAL</subfield>
    <subfield code="a">BC</subfield>
    <subfield code="b">BC</subfield>
    <subfield code="c">PP_GRAL</subfield>
    <subfield code="d">2023-04-26</subfield>
    <subfield code="l">2</subfield>
    <subfield code="m">1</subfield>
    <subfield code="o">634.3 A17</subfield>
    <subfield code="p">33724002573496</subfield>
    <subfield code="r">2026-04-08 15:48:26</subfield>
    <subfield code="s">2026-03-16</subfield>
    <subfield code="w">2023-04-26</subfield>
    <subfield code="y">LIBRO</subfield>
  </datafield>
  <datafield tag="952" ind1=" " ind2=" ">
    <subfield code="0">0</subfield>
    <subfield code="1">0</subfield>
    <subfield code="2">ddc</subfield>
    <subfield code="4">0</subfield>
    <subfield code="5">2</subfield>
    <subfield code="7">0</subfield>
    <subfield code="8">GRAL</subfield>
    <subfield code="a">BC</subfield>
    <subfield code="b">BC</subfield>
    <subfield code="c">PP_GRAL</subfield>
    <subfield code="d">2023-04-26</subfield>
    <subfield code="l">3</subfield>
    <subfield code="o">634.3 A17</subfield>
    <subfield code="p">33724002573538</subfield>
    <subfield code="r">2024-12-13 13:31:00</subfield>
    <subfield code="s">2024-09-18</subfield>
    <subfield code="t">c.2</subfield>
    <subfield code="w">2023-04-26</subfield>
    <subfield code="y">LIBRO</subfield>
  </datafield>
</record>
